Blockbuster history in the new Russia : movies, memory, and patriotism /

Bibliographic Details
Main Author: Norris, Stephen M.
Corporate Author: ebrary, Inc
Format: eBook
Language:English
Published: Bloomington : Indiana University Press, 2012.
Subjects:
Online Access:Connect to the full text of this electronic book

MARC

Tag First Indicator Second Indicator Subfields
LEADER 00000cam a2200000Ia 4500
001 in00002783797
006 m o d
007 cr cn|||||||||
008 120508s2012 inua ob s001 0 eng d
005 20250816223732.8
010 |z  2012018524 
020 |z 9780253006790 (cloth : alk. paper) 
020 |z 9780253006806 (pbk. : alk. paper) 
020 |z 9780253007087 (electronic book) 
035 |a (CaPaEBR)ebr10604293 
035 |a (OCoLC)812911824 
040 |a CaPaEBR  |c CaPaEBR  |d UtOrBLW 
050 1 4 |a PN1993.5.R9  |b N68 2012eb 
082 0 4 |a 791.430947  |2 23 
100 1 |a Norris, Stephen M. 
245 1 0 |a Blockbuster history in the new Russia :  |b movies, memory, and patriotism /  |c Stephen M. Norris. 
264 1 |a Bloomington :  |b Indiana University Press,  |c 2012. 
300 |a 1 online resource (xv, 385 pages) :  |b illustrations 
336 |a text  |b txt  |2 rdacontent 
337 |a computer  |b c  |2 rdamedia 
338 |a online resource  |b cr  |2 rdacarrier 
504 |a Includes bibliographical references and index. 
500 |a Electronic resource. 
650 0 |a Motion pictures  |z Russia (Federation)  |x History  |y 21st century. 
650 0 |a Patriotism in motion pictures. 
651 0 |a Russia (Federation)  |x In motion pictures. 
655 7 |a Electronic books.  |2 local 
710 2 |a ebrary, Inc. 
856 4 0 |u https://ebookcentral.proquest.com/lib/tamucs/detail.action?docID=816872  |y Connect to the full text of this electronic book  |t 0 
980 |a 121120  |b 28.99  |c USD  |e 28.99  |f YBP_EBR0000047227  |g 1 
999 f f |s 42e405bd-03a6-3639-9f81-c9a6ea17deb3  |i 2bb50708-0e07-360c-9d5e-e2aa7b1b419d  |t 0 
999 |a MARS 
952 f f |a Texas A&M University  |b College Station  |c Electronic Resources  |d Available Online  |t 0  |e PN1993.5.R9 N68 2012eb  |h Library of Congress classification 
998 f f |a PN1993.5.R9 N68 2012eb  |t 0  |l Available Online